000 00636nam a2200229Ia 4500
003 OSt
005 20221007072230.0
006 a|||||r|||| 00| 0
007 ta
008 221006b |||||||| |||| 00| 0 eng d
024 _a15,388
037 _cTextual
040 _aFLL
_cFLL
_beng
041 _2eng
_aeng
082 _aX:97Dv3.N7, L9
100 _aMarengo F.D. Au.
_9690317
245 0 _aCode of british trade union behaviour
260 _aLondon
_bSexon house, teakfield limited London
_c1979
300 _a200p
_ccm.
942 _hX:97Dv3.N7, L9
_cTEXL
_2CC
999 _c1145494
_d1145494